00938nam a2200205 i 450000100060000000300090000600500170001500700030003200800410003524502530007625000120032926000360034130000220037749000550039971000450045483000650049985200310056499900170059595201200061244869ES-MaACL20250827095307.0t|030324q1945 sp ||||1| spa d00aCódigo penal de 23 de diciembre de 1944 ordenado conforme a los preceptos y orientaciones de la Ley de Bases de 19 de julio de 1944 adicionado con jurisprudencia pertinente, antecedentes... / cpor la redacción de las Revista de los Tribunales. a1ª ed. aMadrid : bGóngora, c[1945?] a536 p. ; c15 cm.1 aBiblioteca de bolsillo. Códigos y leyes anotados2 aRevista de los Tribunales (Madrid)9644400aBiblioteca de bolsillo. pCódigos y leyes anotados9182122 aES-MaACLjA-5401 bR.21744 c44869d44869 00104070aATENEOMbATENEOMcSPP1d2008-01-17eSCl0oA-5401p1047221r2023-02-23 00:00:00w2023-02-23yMONOGRAFIA